History Quiz

Random History or Politics Quiz

States Where Ralph Nader Was Popular-Blitz Quiz Stats

 Plays Quiz Updated Oct 5, 2016

Also try: Purple States
Challenge
Share
Tweet
Embed
Score 0/10 Timer 01:00
0 Plays Today
Popular Vote State % Correct
6.92%Vermont
80.6%
5.70%Maine
74.7%
5.04%Oregon
71.5%
6.42%Massachusetts
60.7%
6.12%Rhode Island
56.5%
5.88%Hawaii
47.6%
10.07%Alaska
43.9%
5.25%Colorado
38.5%
5.20%Minnesota
37.1%
5.94%Montana
34.6%

You're not logged in!

Compare scores with friends on all Sporcle quizzes.
OR
Log In

You Might Also Like...

Show Comments

Extras

Top Quizzes Today


Score Distribution

Your Account Isn't Verified!

In order to create a playlist on Sporcle, you need to verify the email address you used during registration. Go to your Sporcle Settings to finish the process.

Report this User

Report this user for behavior that violates our Community Guidelines.

Details: